Reinforced concrete mechanics and design / (Record no. 535571)

000 -LEADER
fixed length control field 00473nam a22001697a 4500
020 ## - INTERNATIONAL STANDARD BOOK NUMBER
International Standard Book Number 978-0-13-348596-7
082 ## - DEWEY DECIMAL CLASSIFICATION NUMBER
Classification number 624.18341
Author Mark WIG
100 ## - MAIN ENTRY--PERSONAL NAME
Personal name Wight, James K.
245 ## - TITLE STATEMENT
Title Reinforced concrete mechanics and design /
Statement of responsibility, etc. James K. Wight
250 ## - EDITION STATEMENT
Edition statement 7th
260 ## - PUBLICATION, DISTRIBUTION, ETC.
Place of publication, distribution, etc. India :
Name of publisher, distributor, etc. Pearson,
Date of publication, distribution, etc. 2016.
300 ## - PHYSICAL DESCRIPTION
Extent 1342 p. ;
942 ## - ADDED ENTRY ELEMENTS (KOHA)
Source of classification or shelving scheme
Koha item type Book
650 ## - SUBJECT ADDED ENTRY--TOPICAL TERM
Topical term or geographic name entry element Concrete - Engineering
650 ## - SUBJECT ADDED ENTRY--TOPICAL TERM
-- 18385
Holdings
Withdrawn status Lost status Source of classification or shelving scheme Damaged status Not for loan Permanent Location Current Location Date acquired Total Checkouts Full call number Barcode Date last seen Date last checked out Price effective from Koha item type
          School of Civil and Environmental Engineering (SCEE) School of Civil and Environmental Engineering (SCEE) 09/17/2020 2 624.18341 WIG NIT-13259 09/18/2025 02/18/2025 09/17/2020 Book
© 2023 Central Library, National University of Sciences and Technology. All Rights Reserved.